Bilecik Bilecik Bilecik Bilecik Bilecik

Elektronik sözlüğü/ (Record no. 882)

MARC details
000 -BAŞLIK
Sabit Uzunluktaki Kontrol Alanı 00815nam a22002897a 4500
001 - KONTROL NUMARASI
Control Dosyası 0000887
003 - KONTROL NUMARASI KİMLİĞİ
Kontrol Alanı KOHA_MİRAKIL
005 - EN SON İŞLEM TARİHİ ve ZAMANI
Kontrol Alanı 20260207001223.0
007 - FİZİKSEL TANIM SABİT ALAN - GENEL BİLGİ
Sabit uzunluklu kontrol alanı ta
008 - SABİT UZUNLUKTAKİ VERİ ÖGELERİ - GENEL BİLGİ
Sabit Alan 081212b1998 tu |||grd|||#0|||0|tur |
020 ## - ISBN - ULUSLARARASI STANDART KİTAP NUMARASI
Isbn 9754710848
Kullanılabilirlik koşulları YTL12,69
040 ## - KATALOGLAMA KAYNAĞI
Özgün Kataloglama Kurumu TR-BiSEU
Kataloglama Dili tur
Çeviri Kurumu TR-BiSEU
Açıklama Kuralları rda
041 0# - DİL KODU
Metin ya da ses kaydının dil kodu tur
044 ## - YAYINLAYAN/ÜRETEN KURULUŞUN ÜLKE KODU
ISO country code tu
050 ## - SINIFLAMA ve YER NUMARASI
Sınıflama Numarası TK7804
Yer Numarası .E44 1998
245 0# - ESER ADI BİLDİRİMİ
Başlık Elektronik sözlüğü/
Sorumluluk Bildirimi editör Ali Bayram.
264 #1 - ÜRERİM, YAYIN, DAĞITIM ve TELİF BİLDİRİMİ
Yayın yeri İstanbul :
Yayınlayan Fono Yayınları
Yayın tarihi 1998
300 ## - FİZİKSEL TANIMLAMA
Sayfa, Cilt vb. 224 sayfa
336 ## - İÇERİK TÜRÜ
Content type term metin
Content type code txt
Source rdacontent
337 ## - MEDYA TÜRÜ
Media type term aracısız
Media type code n
Source rdamedia
338 ## - TAŞIYICI TÜRÜ
Carrier type term cilt
Carrier type code nc
Source rdacarrier
490 0# - DİZİ BİLDİRİMİ
Dizi Bildirimi Fono Yayınları sözlük dizisi
650 #0 - KONU BAŞLIĞI EK GİRİŞ - KONU TERİMİ
Konusal terim veya coğrafi ad Elektronik--Sözlükler--Türkçe.
9 (RLIN) 3440
830 0# - SERİ EK GİRİŞİ - TEKBİÇİM ESER ADI
Tekbiçim Başlık Fono Yayınları sözlük dizisi
9 (RLIN) 3441
907 ## - LOCAL DATA ELEMENT G, LDG (RLIN)
a Sözlük
942 ## - EK GİRİŞ ÖGELERİ (KOHA)
Source of classification or shelving scheme Library of Congress Classification
Koha item type Book
Holdings
Materyal Türü Kalıcı Konum Mevcut Konum Raf Yeri Koleksiyon Kodu Sınıflandırma Kaynağı Edinim Bilgisi Ana Konular Alt Konular Yer Numarası Demirbaş Numarası Fatura Tarihi Maliyet, Alış Fiyatı Maliyet, Yenileme Fiyatı Geri Çekilme Durumu Kayıp Durumu Hasarlı Durumu Kredi için değil Kayıt Tarih Toplam Ödünçverme Son Görülme Tarihi Son Kontrol Tarihi
Danışma Kaynakları Prof. Dr. Azmi Özcan Kütüphanesi Prof. Dr. Azmi Özcan Kütüphanesi Birûni Salonu Referans Library of Congress Classification Satın TEKNOLOJİ Elektrik Mühendisliği, Elektronik, Nükleer Mühendislik TK7804 .E44 1998 0000887 12/12/2008 13.71 13.71       Ödünç verilmez 12/12/2008 5 27/05/2025 27/05/2025
Danışma Kaynakları Prof. Dr. Azmi Özcan Kütüphanesi Prof. Dr. Azmi Özcan Kütüphanesi Birûni Salonu Referans Library of Congress Classification Satın TEKNOLOJİ Elektrik Mühendisliği, Elektronik, Nükleer Mühendislik TK7804 .E44 1998 0000895 12/12/2008 15.46 15.46       Ödünç verilmez 12/12/2008 3 27/05/2025 27/05/2025